| 000 | 00837nam a2200277Ia 4500 | ||
|---|---|---|---|
| 003 | GCL | ||
| 008 | 140319s9999 xx 000 0 ara d | ||
| 040 |
_aGCL / _cGCL |
||
| 082 | 0 | 4 |
_a330.9052 _bم ن |
| 100 | 1 | _aانطوان بطرس | |
| 245 | 1 | 0 |
_aنهضة اليابان / _cانطوان بطرس |
| 700 | 1 | _aهشام شرابى | |
| 700 | 1 | _aميتشيو, ناغاى | |
| 700 | 1 | _aاوروتشيا, ميغال | |
| 700 | 1 | _aنديم عبده | |
| 700 | 1 | _aفواز خورى | |
| 260 |
_a[S.N] : _bشركة المطبوعات للتوزيع والنشر |
||
| 300 | _a346 ص | ||
| 490 | _a | ||
| 650 | 0 | 4 | _aالعصر الحديث |
| 650 | 0 | 4 | _aاليابان |
| 650 | 0 | 4 | _aالتنمية الاقتصادية |
| 650 | 0 | 4 | _aالقرن العشرين |
| 650 | 0 | 4 | _aالتنمية الصناعية |
| 942 |
_2ddc _cBK |
||
| 999 |
_c29908 _d29908 |
||